Southville International School and Colleges
Your cart is empty.
  • Cart
  • Lists
    Public lists Eva Luna New books Lux_list list_1
    Your lists Log in to create your own lists
  • Log in to your account
  • Your cookies
  • Search history
Southville International School and Colleges
  • Advanced search
  • Recent comments
  • Most popular
  • Libraries

Log in to your account

Log in with GOOGLE


If you do not have an external account, but do have a local account, you can still log in:

  1. Home
  2. MARC view: Timed readings :
Normal view MARC view ISBD view

Timed readings : (Record no. 10374)

[ view plain ]
MARC details
000 -LEADER
fixed length control field 00683nam a22002177a 4500
003 - CONTROL NUMBER IDENTIFIER
control field SISC
005 - DATE AND TIME OF LATEST TRANSACTION
control field 20190620134242.0
008 - FIXED-LENGTH DATA ELEMENTS--GENERAL INFORMATION
fixed length control field 130905t xxu||||| |||| 00| 0 eng d
020 ## - INTERNATIONAL STANDARD BOOK NUMBER
International Standard Book Number 089061508
050 ## - LIBRARY OF CONGRESS CALL NUMBER
Classification number LB 1050.46
Item number .Sp736 1989
082 ## - DEWEY DECIMAL CLASSIFICATION NUMBER
Classification number HS 372.41
Item number T48s 1989
100 ## - MAIN ENTRY--PERSONAL NAME
Personal name Spargo, Edward,
9 (RLIN) 16560
245 ## - TITLE STATEMENT
Title Timed readings :
Remainder of title fifty 400-word passages with questions for building reading speed/
Statement of responsibility, etc Edward Spargo
260 ## - PUBLICATION, DISTRIBUTION, ETC. (IMPRINT)
Place of publication, distribution, etc Rhode Island :
Name of publisher, distributor, etc Jamestown Pub,
Date of publication, distribution, etc c1989.
300 ## - PHYSICAL DESCRIPTION
Extent 120 p. :
Dimensions 24 cm.
650 ## - SUBJECT ADDED ENTRY--TOPICAL TERM
Topical term or geographic name as entry element Reading comprehension
General subdivision Problems, exercises, etc.
9 (RLIN) 16561
650 ## - SUBJECT ADDED ENTRY--TOPICAL TERM
Topical term or geographic name as entry element Speed reading.
9 (RLIN) 489
942 ## - ADDED ENTRY ELEMENTS (KOHA)
Source of classification or shelving scheme Library of Congress Classification
Koha item type Books
Holdings
Withdrawn status Lost status Source of classification or shelving scheme Damaged status Home library Current library Shelving location Date acquired Total Checkouts Full call number Barcode Date last seen Copy number Price effective from Koha item type
    Library of Congress Classification   Luxembourg Library Luxembourg Library High School Section 09/05/2013   LB 1050.46 .Sp736 1989 8975 04/01/2016 1 09/05/2013 Books
    Library of Congress Classification   Luxembourg Library Luxembourg Library High School Section 09/05/2013   LB 1050.46 .Sp736 1989 8974 06/19/2019 2 09/05/2013 Books

Timed readings :

APA

Spargo E., . (1989). Timed readings. Rhode Island: Jamestown Pub.

Chicago

Spargo Edward, . 1989. Timed readings. Rhode Island: Jamestown Pub.

Harvard

Spargo E., . (1989). Timed readings. Rhode Island: Jamestown Pub.

MLA

Spargo Edward, . Timed readings. Rhode Island: Jamestown Pub. 1989.

  • Place hold
  • Print
  • Cite
  • Add to your cart (remove)
  • Save record
    BIBTEX Dublin Core MARCXML MARC (non-Unicode/MARC-8) MARC (Unicode/UTF-8) MARC (Unicode/UTF-8, Standard) MODS (XML) RIS
  • More searches
    Search for this title in:
    Other Libraries (WorldCat) Other Databases (Google Scholar) Online Stores (Bookfinder.com) Open Library (openlibrary.org)

Exporting to Dublin Core...

SOUTHVILLE LIBRARY

Southville International School and Colleges Library

1281 Tropical Ave. Cor. Luxembourg St., BF Homes International, Las Pinas City

Tel. No. 8256374 / 252358 Loc. 117/146

Powered by Koha